000
00191 a2200097 4500
001
5017
100
_a
Sheppar
245
_a
Building mechanics
260
_a
_b
Oxford
_c
090
_c
4179
_d
4179
942
_a
NUST-CAE
_c
M
_c
30466
999
_c
240090
_d
240090